|
|
|
|
| LEADER |
00000ny a22000003n 4500 |
| 005 |
20110520151739.0 |
| 008 |
060330s2006 sp s 00| 0 spa c |
| 017 |
|
|
|a D.L. M.9061-2006
|
| 020 |
|
|
|a 84-8494-130-9
|
| 035 |
|
|
|a 1271
|
| 040 |
|
|
|a Mpons
|d UMA.RE
|d vLex
|
| 080 |
|
|
|a 347.513(460)
|
| 090 |
|
|
|c 134
|d 134
|
| 100 |
1 |
|
|a Naveira Zarra, Maita Mara̕
|
| 245 |
1 |
3 |
|a El resarcimiento del daǫ en la responsabilidad civil extracontractual
|h [Recurso electrn̤ico]
|c Maita Mara̕ Naveira Zarra ; prl̤ogo Jos ̌Mara̕ Pena Lp̤ez
|
| 256 |
|
|
|a Servicio en ln̕ea
|
| 260 |
|
|
|a Madrid :
|b Edersa,
|c D.L. 2006
|
| 300 |
|
|
|a 363 p. ;
|c 22 cm
|
| 506 |
1 |
|
|a Contenido solo disponible en los productos indicados
|d vLex Global
|d vLex Global (Academic Edition, excluding Law Schools)
|d vLex Global (U.S. Academic Edition, Law Schools)
|d vLex Global (U.S. Academic Edition, excluding Law Schools)
|d vLex Global (Academic Edition, Law Schools)
|
| 650 |
0 |
7 |
|a Civil
|2 Tesauro vLex
|
| 650 |
0 |
7 |
|a Responsabilidad civil
|2 Tesauro vLex
|
| 650 |
0 |
7 |
|a Responsabilidad extracontractual
|2 Tesauro vLex
|
| 650 |
0 |
7 |
|a Resarcimiento del daǫ
|2 Tesauro vLex
|
| 700 |
1 |
|
|a Pena Lp̤ez, Jos,̌
|e pr
|
| 740 |
0 |
|
|a vLex Libros (Servicios en ln̕ea)
|
| 856 |
4 |
0 |
|u http://vlex.com/source/1271
|z Acceso restringido
|
| 942 |
|
|
|c BOOK
|
| 999 |
0 |
|
|a Civil Law
|